Vida y muerte de las ballenas / (Record no. 34346)

MARC details
000 -LEADER
campo de control de longitud fija 00583nam a2200193 i 4500
001 - NÚMERO DE CONTROL
campo de control 34346
003 - IDENTIFICADOR DE NÚMERO DE CONTROL
campo de control ES-MaACL
005 - FECHA Y HORA DE LA ÚLTIMA TRANSACCIÓN
campo de control 20230906154921.0
007 - CAMPO FIJO DE DESCRIPCIÓN FÍSICA--INFORMACIÓN GENERAL
campo de control de longitud fija t|
008 - DATOS DE LONGITUD FIJA--INFORMACIÓN GENERAL
campo de control de longitud fija 030204s1958 sp af |||| | spa d
100 1# - ENTRADA PRINCIPAL--NOMBRE DE PERSONA
Nombre de persona Blond, Georges.
9 (RLIN) 29540
245 10 - MENCIÓN DEL TÍTULO
Título Vida y muerte de las ballenas /
Mención de responsabilidad, etc. Georges Blond ; fotografías por Fred Matter.
250 ## - MENCION DE EDICION
Mención de edición 1ª ed.
260 ## - PUBLICACIÓN, DISTRIBUCIÓN, ETC.
Lugar de publicación, distribución, etc. Madrid, etc. :
Nombre del editor, distribuidor, etc. Garriga,
Fecha de publicación, distribución, etc. 1958 (
Lugar de fabricación/manufactura Barcelona :
Fabricante (Agustín Núñez)
300 ## - DESCRIPCIÓN FÍSICA
Extensión 231 p., 8 lám. ;
Dimensiones 21 cm.
650 #4 - PUNTO DE ACCESO ADICIONAL DE MATERIA--TÉRMINO DE MATERIA
Término de materia o nombre geográfico como elemento de entrada Ballenas.
9 (RLIN) 150057
700 1# - ENTRADA AGREGADA--NOMBRE PERSONAL
Nombre de persona Matter, Fred.
9 (RLIN) 79117
852 ## - LOCALIZACIÓN
Ubicación ES-MaACL
Número de control de estantería C-14854
Holdings
Estatus retirado Estado de pérdida Estado de daño No para préstamo Biblioteca de origen Biblioteca actual Ubicación en estantería Fecha de adquisición Fuente de adquisición Total de préstamos Signatura topográfica completa Código de barras Visto por última vez Precio de reemplazo Tipo de ítem Koha
        Biblioteca del Ateneo de Madrid Biblioteca del Ateneo de Madrid Ficheros 17/01/2008     C-14854 1035822 23/02/2023 23/02/2023 Libro impreso